| 000 | 01253nam a2200301 4500 | ||
|---|---|---|---|
| 008 | 081114s2008 ph b 100 0 eng | ||
| 020 | _a9789719346166 :Php350/315 | ||
| 090 |
_aBX1659.M5 _bSp4 _b2008 |
||
| 111 | 2 |
_aSpirituality Forum _n(7th : _d2007 : _cManila, Philippines) |
|
| 245 | 1 | 0 | _aSpirituality and the mystic wanderers of today. |
| 260 |
_aQuezon City, Philippines : _bInstitute of Spirituality in Asia, _cc2008. |
||
| 300 |
_a197 p. ; _c23 cm. |
||
| 440 |
_aLecture series on spirituality ; _v7 |
||
| 504 | _aIncludes bibliographical references. | ||
| 505 | 0 |
_tSpirituality among the mystic wanderers -- _tSpirituality of the migrants and overseas workers -- _tSpirituality of the spiritual guides, companions of the way & gurus -- _tSpirituality of the missionaries -- _tSpirituality of the tourists -- _tSpirituality of the "palaboy" -- _tSpirituality of the Fort Pillar Pilgrims. |
|
| 650 | 4 | _aSpirituality. | |
| 700 | 1 | _aGaspar, Karl. | |
| 700 | 1 | _aAsis, Maruja. | |
| 700 | 1 | _aKroeger, James. | |
| 700 | 1 | _aGreen, Thomas. | |
| 700 | 1 | _aUreta, Angela. | |
| 700 | 1 | _aVelasco, Joey. | |
| 700 | 1 | _aPanaguiton, Robert. | |
| 710 | 2 | 2 | _aInstitute of Spirituality in Asia. |
| 942 | _2lcc | ||
| 951 | _x00037218 | ||
| 999 |
_c32497 _d32497 |
||